| 000 | 00650nam a2200217Ia 4500 | ||
|---|---|---|---|
| 003 | GCL | ||
| 008 | 140319s9999 xx 000 0 eng d | ||
| 040 |
_aGCL / _cGCL |
||
| 082 | 0 | 4 |
_aCC _b291.657 _bB M |
| 100 | 1 | _aBACHATLY, CHARLES | |
| 245 | 1 | 0 |
_aLE MONASTERE DE PHOEBAMMON DANS LA THEBAIDE, RAPPORTS DE FOUILLES, TOME III / _cBACHATLY, CHARLES |
| 260 |
_a[S.N] : _bLA SOCIETE D'ARCHEOLOGIE COPTE ، _c1961 |
||
| 300 | _a71 P | ||
| 650 | 0 | 4 | _aEGYPT - FLORA |
| 650 | 0 | 4 | _aTHEBES |
| 650 | 0 | 4 | _aBOTANY - ANCIENT EGYPT |
| 650 | 0 | 4 | _aEGYPT - PLANT, HISTORY |
| 650 | 0 | 4 | _aZOOLOGY - HISTORY |
| 650 | 0 | 4 | _aMONASTERY OF PHOEBAMMON |
| 942 |
_2ddc _cBK |
||
| 999 |
_c20401 _d20401 |
||